Aspects of Linguistic Variation.

Bibliographic Details
Main Author: Olmen, Daniël.
Other Authors: Mortelmans, Tanja., Brisard, Frank.
Format: eBook
Language:English
Published: Berlin/Boston : De Gruyter, Inc., 2018.
Series:Trends in Linguistics. Studies and Monographs [TiLSM] Ser.
Subjects:
Online Access:Click to View
LEADER 01550nam a22003733i 4500
001 EBC7144491
003 MiAaPQ
005 20231204023228.0
006 m o d |
007 cr cnu||||||||
008 231204s2018 xx o ||||0 eng d
020 |a 9783110607963  |q (electronic bk.) 
035 |a (MiAaPQ)EBC7144491 
035 |a (Au-PeEL)EBL7144491 
035 |a (OCoLC)1078912368 
040 |a MiAaPQ  |b eng  |e rda  |e pn  |c MiAaPQ  |d MiAaPQ 
100 1 |a Olmen, Daniël. 
245 1 0 |a Aspects of Linguistic Variation. 
264 1 |a Berlin/Boston :  |b De Gruyter, Inc.,  |c 2018. 
264 4 |c {copy}2019. 
300 |a 1 online resource (286 pages) 
336 |a text  |b txt  |2 rdacontent 
337 |a computer  |b c  |2 rdamedia 
338 |a online resource  |b cr  |2 rdacarrier 
490 1 |a Trends in Linguistics. Studies and Monographs [TiLSM] Ser. ;  |v v.324 
588 |a Description based on publisher supplied metadata and other sources. 
590 |a Electronic reproduction. Ann Arbor, Michigan : ProQuest Ebook Central, 2023. Available via World Wide Web. Access may be limited to ProQuest Ebook Central affiliated libraries.  
655 4 |a Electronic books. 
700 1 |a Mortelmans, Tanja. 
700 1 |a Brisard, Frank. 
776 0 8 |i Print version:  |a Olmen, Daniël  |t Aspects of Linguistic Variation  |d Berlin/Boston : De Gruyter, Inc.,c2018 
797 2 |a ProQuest (Firm) 
830 0 |a Trends in Linguistics. Studies and Monographs [TiLSM] Ser. 
856 4 0 |u https://ebookcentral.proquest.com/lib/matrademy/detail.action?docID=7144491  |z Click to View